[Event "Cesenatico op 17th"]
[Site "Cesenatico"]
[Date "2013.09.02"]
[Round "3"]
[White "Lucaroni, Massimiliano"]
[Black "Cebalo, Miso"]
[Result "1/2-1/2"]
[WhiteElo "2283"]
[BlackElo "2440"]
[PlyCount "68"]
[EventDate "2013.08.31"]
[EventType "swiss"]
[EventRounds "9"]
[EventCountry "ITA"]
[SourceTitle "CBM 156 Extra"]
[Source "ChessBase"]
[SourceDate "2013.10.22"]
[SourceVersion "1"]
[SourceVersionDate "2013.10.22"]
[SourceQuality "1"]

1. e4 c5 2. Nf3 d6 3. d4 cxd4 4. Nxd4 Nf6 5. Nc3 g6 6. Be3 Bg7 7. f3 a6 8. Qd2 Nbd7 9. 0-0-0 b5 10. g4 Bb7 11. h4 h5 12. g5 Nh7 13. f4 Nc5 14. f5 0-0 15. fxg6 fxg6 16. Bh3 Kh8 17. b4 Nxe4 18. Nxe4 Bxe4 19. Ne6 Qe8 20. Bd4 Be5 21. Bxe5+ dxe5 22. Qc3 Bxh1 23. Qxe5+ Nf6 24. Nxf8 Qxf8 25. Rxh1 Qg7 26. gxf6 exf6 27. Qd4 Re8 28. Rf1 f5 29. Qxg7+ Kxg7 30. Rf4 Kf6 31. Kd2 Rd8+ 32. Ke2 Ke5 33. Ke3 Rd1 34. c3 Rc1 1/2-1/2

[Event "ITA-chT 43rd"]
[Site "Spoleto"]
[Date "2011.04.30"]
[Round "6"]
[White "Lucaroni, Massimiliano"]
[Black "Foglia, Maurizio"]
[Result "1-0"]
[WhiteElo "2262"]
[BlackElo "2221"]
[PlyCount "49"]
[EventDate "2011.04.28"]
[EventType "team"]
[EventRounds "7"]
[EventCountry "ITA"]
[SourceTitle "EXT 2012"]
[Source "ChessBase"]
[SourceDate "2011.11.24"]
[SourceVersion "1"]
[SourceVersionDate "2011.11.24"]
[SourceQuality "1"]
[WhiteTeam "ASD Scacchi Latina"]
[BlackTeam "Ancona"]
[WhiteTeamCountry "ITA"]
[BlackTeamCountry "ITA"]

1. e4 Nf6 2. e5 Nd5 3. d4 d6 4. c4 Nb6 5. exd6 cxd6 6. Nc3 g6 7. h3 Bg7 8. Nf3 0-0 9. Be2 Nc6 10. 0-0 e5 11. Bg5 f6 12. Be3 Ne7 13. c5 dxc5 14. dxe5 fxe5 15. Bxc5 Qe8 16. Qb3+ Kh8 17. Qa3 Nbd5 18. Bb5 Qd8 19. Nxd5 Nxd5 20. Bxf8 Bxf8 21. Qb3 Nf4 22. Nxe5 Qf6 23. Rfe1 Be6 24. Bc4 Bf5 25. Qxb7 1-0

[Event "ITA-chT 43rd"]
[Site "Spoleto"]
[Date "2011.04.29"]
[Round "4"]
[White "Lucaroni, Massimiliano"]
[Black "Valsecchi, Alessio"]
[Result "1/2-1/2"]
[WhiteElo "2262"]
[BlackElo "2345"]
[PlyCount "144"]
[EventDate "2011.04.28"]
[EventType "team"]
[EventRounds "7"]
[EventCountry "ITA"]
[SourceTitle "EXT 2012"]
[Source "ChessBase"]
[SourceDate "2011.11.24"]
[SourceVersion "1"]
[SourceVersionDate "2011.11.24"]
[SourceQuality "1"]
[WhiteTeam "ASD Scacchi Latina"]
[BlackTeam "Oiettivo Risarcimento"]
[WhiteTeamCountry "ITA"]
[BlackTeamCountry "ITA"]

1. e4 c5 2. Nf3 e6 3. d4 cxd4 4. Nxd4 a6 5. Nc3 Qc7 6. Be2 Nc6 7. 0-0 Nf6 8. Kh1 b5 9. a3 Bb7 10. f4 h5 11. Bf3 Nxd4 12. Qxd4 Bc5 13. Qd3 Ng4 14. e5 Rc8 15. Bxb7 Qxb7 16. Ne4 Nh6 17. f5 Nxf5 18. Bg5 Qc6 19. Rae1 h4 20. Qh3 Be7 21. Bxe7 Kxe7 22. Rxf5 exf5 23. Nd6 Qxc2 24. Nxf5+ Kf8 25. Qg4 g6 26. Qb4+ Rc5 27. Ne3 a5 28. Qd4 Qc1 29. Rxc1 Rxc1+ 30. Nd1 Rh5 31. Kg1 Kg8 32. g4 hxg3 33. hxg3 a4 34. g4 Rh3 35. Kg2 Rb3 36. Qd2 Rc5 37. Nc3 Rxe5 38. Kf3 d5 39. g5 Rf5+ 40. Kg2 b4 41. axb4 Rxb4 42. Nxd5 Rxb2 43. Ne7+ Kf8 44. Nxg6+ fxg6 45. Qxb2 Rxg5+ 46. Kf3 Rf5+ 47. Kg4 Kf7 48. Qa2+ Kg7 49. Qxa4 Kh7 50. Qd7+ Kg8 51. Kh4 Rh5+ 52. Kg3 Rf5 53. Kg4 Kh8 54. Qe7 Kg8 55. Qa7 Kh8 56. Qa1+ Kg8 57. Qd4 Kh7 58. Qe3 Kg7 59. Qh3 Rc5 60. Qh1 Rf5 61. Qh2 Rf7 62. Qb2+ Kh7 63. Qb6 Rf5 64. Qd4 Kg8 65. Qd7 Kh8 66. Qc7 Kg8 67. Qc3 Kh7 68. Qc1 Kg7 69. Qh1 Rf7 70. Qa1+ Kh7 71. Qb2 Rf5 72. Qc3 Kg8 1/2-1/2

[Event "Bratto op 30th"]
[Site "Bratto"]
[Date "2010.08.20"]
[Round "1"]
[White "Baklan, Vladimir"]
[Black "Lucaroni, Massimiliano"]
[Result "1-0"]
[WhiteElo "2638"]
[BlackElo "2255"]
[PlyCount "93"]
[EventDate "2010.08.20"]
[EventType "swiss"]
[EventRounds "9"]
[EventCountry "ITA"]
[SourceTitle "CBM 138 Extra"]
[Source "ChessBase"]
[SourceDate "2010.10.29"]
[SourceVersion "1"]
[SourceVersionDate "2010.10.29"]
[SourceQuality "1"]

1. e4 e5 2. Nc3 Nf6 3. g3 Bc5 4. Bg2 d6 5. d3 a6 6. Nge2 Nc6 7. h3 Nd4 8. 0-0 0-0 9. Kh1 c6 10. f4 Nxe2 11. Qxe2 exf4 12. Bxf4 Bd4 13. Qf3 Be6 14. Rad1 d5 15. Ne2 Bxb2 16. Rb1 Ba3 17. Rxb7 Be7 18. e5 Nd7 19. Nd4 Qc8 20. Rfb1 Rb8 21. Rxb8 Nxb8 22. Nxe6 fxe6 23. Qg4 Rf5 24. c4 Nd7 25. d4 Nf8 26. Qd1 Bg5 27. Bxg5 Rxg5 28. Qb3 Qe8 29. Rf1 dxc4 30. Qe3 Rf5 31. Rc1 Ng6 32. Rxc4 Ne7 33. Rc2 Qd7 34. Kh2 Rf8 35. Qb3 Rd8 36. Qc4 Kf7 37. Rf2+ Kg8 38. h4 g6 39. Bh3 Nf5 40. Bxf5 gxf5 41. Rxf5 Kh8 42. Rf4 Qd5 43. Qf1 Qxa2+ 44. Kh3 Rg8 45. Rf8 h6 46. Qf6+ Kh7 47. Rf7+ 1-0

[Event "Bratto op 29th"]
[Site "Bratto"]
[Date "2009.08.26"]
[Round "6"]
[White "Brunello, Sabino"]
[Black "Lucaroni, Massimiliano"]
[Result "1-0"]
[WhiteElo "2547"]
[BlackElo "2264"]
[PlyCount "33"]
[EventDate "2009.08.21"]
[EventType "swiss"]
[EventRounds "9"]
[EventCountry "ITA"]
[SourceTitle "CBM 132 Extra"]
[Source "ChessBase"]
[SourceDate "2009.11.03"]
[SourceVersion "1"]
[SourceVersionDate "2009.11.03"]
[SourceQuality "1"]

1. d4 f5 2. c4 e6 3. Nf3 Nf6 4. e3 Be7 5. Bd3 0-0 6. Nc3 c6 7. Rb1 d5 8. b4 Ne4 9. Ne2 Bd6 10. b5 Bd7 11. 0-0 Be8 12. bxc6 bxc6 13. Ne5 c5 14. cxd5 exd5 15. f3 Ng5 16. dxc5 Bxc5 17. Bc4 1-0

[Event "Reykjavik op"]
[Site "Reykjavik"]
[Date "2009.03.29"]
[Round "6"]
[White "Lucaroni, Massimiliano"]
[Black "Ostling, Hakan"]
[Result "1/2-1/2"]
[WhiteElo "2310"]
[BlackElo "2151"]
[PlyCount "46"]
[EventDate "2009.03.24"]
[EventType "swiss"]
[EventRounds "9"]
[EventCountry "ISL"]
[SourceTitle "CBM 129 Extra"]
[Source "ChessBase"]
[SourceDate "2009.05.05"]
[SourceVersion "2"]
[SourceVersionDate "2009.05.20"]
[SourceQuality "1"]

1. e4 g6 2. d4 Bg7 3. Bc4 e6 4. Nc3 a6 5. a4 Ne7 6. Nf3 d5 7. Bb3 Nbc6 8. e5 Na5 9. Ba2 c5 10. dxc5 Nec6 11. 0-0 Qe7 12. Bxd5 exd5 13. Nxd5 Qd8 14. Bg5 Qd7 15. Bf6 0-0 16. Qd3 Qf5 17. b4 Qxd3 18. cxd3 Nb3 19. Rab1 Nbd4 20. Nxd4 Nxd4 21. Be7 Re8 22. Bd6 Bf5 23. Rbd1 Rad8 1/2-1/2

[Event "Reykjavik op"]
[Site "Reykjavik"]
[Date "2009.03.25"]
[Round "2"]
[White "Lucaroni, Massimiliano"]
[Black "Galego, Luis"]
[Result "0-1"]
[WhiteElo "2310"]
[BlackElo "2494"]
[PlyCount "76"]
[EventDate "2009.03.24"]
[EventType "swiss"]
[EventRounds "9"]
[EventCountry "ISL"]
[SourceTitle "CBM 129 Extra"]
[Source "ChessBase"]
[SourceDate "2009.05.05"]
[SourceVersion "2"]
[SourceVersionDate "2009.05.20"]
[SourceQuality "1"]

1. e4 d6 2. d4 Nf6 3. Nc3 c6 4. f4 Qa5 5. Bd3 e5 6. Nf3 Bg4 7. Be3 Nbd7 8. 0-0 Be7 9. h3 exf4 10. Bxf4 Bh5 11. Qd2 Qb6 12. Bc4 Bxf3 13. Rxf3 Ne5 14. Bxe5 dxe5 15. Kh1 Qxd4 16. Qxd4 exd4 17. Ne2 Nxe4 18. Bxf7+ Kd7 19. Nxd4 Ng5 20. Rff1 Bf6 21. Bb3 Ne4 22. Rf4 Nc5 23. Rd1 Kc7 24. c3 Rhe8 25. Bc2 h6 26. b4 Ne6 27. Nxe6+ Rxe6 28. Bf5 Rd8 29. Rdf1 Re2 30. a4 Bxc3 31. Bg4 Re7 32. Rc4 Bf6 33. b5 Rd4 34. Rc2 Rxa4 35. Bf3 Re6 36. Rfc1 Ra1 37. bxc6 Rxc1+ 38. Rxc1 bxc6 0-1

[Event "Reggio Emilia-B 51st"]
[Site "Reggio Emilia"]
[Date "2009.01.04"]
[Round "9"]
[White "Lucaroni, Massimiliano"]
[Black "Kovacevic, Blazimir"]
[Result "1/2-1/2"]
[WhiteElo "2320"]
[BlackElo "2472"]
[PlyCount "69"]
[EventDate "2008.12.27"]
[EventType "tourn"]
[EventRounds "9"]
[EventCountry "ITA"]
[EventCategory "5"]
[SourceTitle "CBM 128 Extra"]
[Source "ChessBase"]
[SourceDate "2009.03.05"]
[SourceVersion "2"]
[SourceVersionDate "2009.03.25"]
[SourceQuality "1"]

1. e4 e6 2. b3 d5 3. Bb2 Nf6 4. e5 Nfd7 5. Qg4 c5 6. f4 Nc6 7. Nf3 a6 8. Be2 f5 9. Qg3 Qe7 10. c3 b5 11. Na3 Bb7 12. Nc2 Nb6 13. 0-0 Qd7 14. d4 c4 15. Rfb1 g6 16. Ba3 Bxa3 17. Nxa3 0-0 18. h4 Kh8 19. Kf2 Rg8 20. h5 gxh5 21. Ng5 h4 22. Qxh4 Rg7 23. Rh1 Qe7 24. Rh2 Nd7 25. Rah1 Nf8 26. Nc2 Nd8 27. Bh5 Kg8 28. g4 h6 29. Nf3 fxg4 30. Qxe7 g3+ 31. Ke3 Rxe7 32. Rg2 Rg7 33. Rhg1 Bc8 34. Rxg3 Raa7 35. Rxg7+ 1/2-1/2

[Event "Reggio Emilia-B 51st"]
[Site "Reggio Emilia"]
[Date "2008.12.27"]
[Round "1"]
[White "Lucaroni, Massimiliano"]
[Black "Pomaro, Alberto"]
[Result "0-1"]
[WhiteElo "2320"]
[BlackElo "2254"]
[PlyCount "60"]
[EventDate "2008.12.27"]
[EventType "tourn"]
[EventRounds "9"]
[EventCountry "ITA"]
[EventCategory "5"]
[SourceTitle "CBM 128 Extra"]
[Source "ChessBase"]
[SourceDate "2009.03.05"]
[SourceVersion "2"]
[SourceVersionDate "2009.03.25"]
[SourceQuality "1"]

1. e4 c5 2. Nf3 d6 3. d4 cxd4 4. Qxd4 a6 5. c4 Nc6 6. Qd2 Nf6 7. Nc3 g6 8. b3 Bg7 9. Bb2 0-0 10. h3 Qa5 11. Bd3 b5 12. cxb5 Nb4 13. 0-0 Nxd3 14. Qxd3 Bb7 15. e5 dxe5 16. Nxe5 Rad8 17. Qe2 axb5 18. Nxb5 Ne4 19. Rfd1 Rxd1+ 20. Rxd1 Qxa2 21. Nd4 Qa8 22. Nc4 Rd8 23. Nb5 Rxd1+ 24. Qxd1 Bxb2 25. Nxb2 Qa5 26. Nd4 Qb6 27. Nc4 Qc5 28. Kf1 e5 29. f3 Nc3 30. Ne6 Qxc4+ 0-1

[Event "Bratto op-A 28th"]
[Site "Bratto"]
[Date "2008.08.29"]
[Round "8"]
[White "Lucaroni, Massimiliano"]
[Black "Shytaj, Luca"]
[Result "1/2-1/2"]
[WhiteElo "2289"]
[BlackElo "2467"]
[PlyCount "82"]
[EventDate "2008.08.22"]
[EventType "swiss"]
[EventRounds "9"]
[EventCountry "ITA"]
[SourceTitle "CBM 126 Extra"]
[Source "ChessBase"]
[SourceDate "2008.11.05"]
[SourceVersion "1"]
[SourceVersionDate "2008.11.05"]
[SourceQuality "1"]

1. e4 Nc6 2. Nf3 Nf6 3. e5 Nd5 4. d4 d6 5. c4 Nb6 6. exd6 exd6 7. h3 Be7 8. Be2 0-0 9. 0-0 Re8 10. Nc3 Bf5 11. Be3 Bf6 12. Qd2 d5 13. b3 dxc4 14. bxc4 Na5 15. c5 Nbc4 16. Qc1 Nxe3 17. fxe3 Bg6 18. Qd2 b6 19. cxb6 axb6 20. Rfe1 Bh5 21. Rad1 c5 22. g4 Bg6 23. Bb5 Rf8 24. Qg2 cxd4 25. Nxd4 Qb8 26. Nd5 Bh4 27. Rf1 Rd8 28. Nf5 Bxf5 29. gxf5 Qe5 30. f6 Qg5 31. fxg7 Qxg2+ 32. Kxg2 Rd6 33. Nf4 Rad8 34. Rxd6 Rxd6 35. Rc1 Kxg7 36. Kf3 Kf8 37. Rc7 Bg5 38. Kg4 Bxf4 39. exf4 Rg6+ 40. Kf3 Rh6 41. Kg4 Rg6+ 1/2-1/2

[Event "Bratto op-A 28th"]
[Site "Bratto"]
[Date "2008.08.28"]
[Round "7"]
[White "Mogranzini, Roberto"]
[Black "Lucaroni, Massimiliano"]
[Result "0-1"]
[WhiteElo "2423"]
[BlackElo "2289"]
[PlyCount "56"]
[EventDate "2008.08.22"]
[EventType "swiss"]
[EventRounds "9"]
[EventCountry "ITA"]
[SourceTitle "CBM 126 Extra"]
[Source "ChessBase"]
[SourceDate "2008.11.05"]
[SourceVersion "1"]
[SourceVersionDate "2008.11.05"]
[SourceQuality "1"]

1. e4 e5 2. Nf3 Nc6 3. Bb5 a6 4. Ba4 Nf6 5. d3 d6 6. c3 g6 7. Nbd2 Bg7 8. Nf1 0-0 9. Bg5 b5 10. Bb3 Qd7 11. Ne3 Nd8 12. a4 Bb7 13. axb5 axb5 14. Rxa8 Bxa8 15. 0-0 Ne6 16. Bh4 Nh5 17. Nd5 Kh8 18. d4 f5 19. exf5 Rxf5 20. dxe5 Nef4 21. e6 Nxe6 22. Re1 Nef4 23. Nxf4 Nxf4 24. Re7 Qc8 25. Bf7 Nxg2 26. Qe2 Bc6 27. Kxg2 Bxf3+ 28. Qxf3 Rxf3 0-1

[Event "Bratto op-A 28th"]
[Site "Bratto"]
[Date "2008.08.27"]
[Round "6"]
[White "Borgo, Giulio"]
[Black "Lucaroni, Massimiliano"]
[Result "0-1"]
[WhiteElo "2442"]
[BlackElo "2289"]
[PlyCount "120"]
[EventDate "2008.08.22"]
[EventType "swiss"]
[EventRounds "9"]
[EventCountry "ITA"]
[SourceTitle "CBM 126 Extra"]
[Source "ChessBase"]
[SourceDate "2008.11.05"]
[SourceVersion "1"]
[SourceVersionDate "2008.11.05"]
[SourceQuality "1"]

1. Nf3 e6 2. b3 f5 3. Bb2 Nf6 4. h3 d6 5. d4 Nc6 6. Rg1 Be7 7. g4 fxg4 8. hxg4 e5 9. dxe5 Nxg4 10. exd6 Bh4 11. Nxh4 Qxh4 12. Bd4 0-0 13. Rg2 Rf4 14. Bc5 cxd6 15. Qxd6 Rf6 16. Qg3 Qg5 17. Be3 Qf5 18. Qf3 Qxc2 19. Qd5+ Be6 20. Qd2 Qe4 21. Nc3 Qb4 22. Nd1 Rd8 23. Qxb4 Nxb4 24. Rc1 Nxa2 25. Rc7 Bxb3 26. Nb2 Rfd6 27. Nd3 h5 28. Bd2 Bf7 29. f3 Nf6 30. Rxb7 R8d7 31. Rb2 Rb6 32. Rc2 Nd5 33. Ne5 Re7 34. Nxf7 Nab4 35. Nh6+ Kh7 36. Rc4 Nd3+ 37. Kd1 Nb2+ 38. Kc2 Nxc4 39. Nf5 Rf7 40. e4 Rxf5 41. Bxc4 Nb4+ 42. Bxb4 Rxb4 43. Kc3 Rxc4+ 44. Kxc4 Rxf3 45. e5 Re3 46. Kd5 Kh6 47. Ra2 h4 48. Ra6+ Kh5 49. Rxa7 g5 50. e6 h3 51. Kd6 Kg4 52. e7 h2 53. Ra4+ Kf5 54. Ra1 g4 55. Rf1+ Kg6 56. Kd7 g3 57. Rf3 h1Q 58. Rxe3 Qd5+ 59. Ke8 Qa8+ 60. Kd7 Qa7+ 0-1

[Event "Bratto op-A 28th"]
[Site "Bratto"]
[Date "2008.08.24"]
[Round "3"]
[White "Lucaroni, Massimiliano"]
[Black "Ranfagni, Stefano"]
[Result "1-0"]
[WhiteElo "2289"]
[BlackElo "2049"]
[PlyCount "79"]
[EventDate "2008.08.22"]
[EventType "swiss"]
[EventRounds "9"]
[EventCountry "ITA"]
[SourceTitle "CBM 126 Extra"]
[Source "ChessBase"]
[SourceDate "2008.11.05"]
[SourceVersion "1"]
[SourceVersionDate "2008.11.05"]
[SourceQuality "1"]

1. e4 e5 2. Bc4 Nf6 3. d3 Nc6 4. Nc3 Na5 5. Nge2 c6 6. a4 Nxc4 7. dxc4 d6 8. Qd3 Be6 9. f4 Qb6 10. f5 Bd7 11. a5 Qc7 12. 0-0 Be7 13. Kh1 h5 14. b4 a6 15. Be3 Ng4 16. Bb6 Qb8 17. Rad1 Rh6 18. h3 Nf6 19. Rd2 d5 20. cxd5 Bxb4 21. dxc6 Bxc6 22. Qc4 Be7 23. Be3 Rh8 24. Rfd1 Nd7 25. Ng1 Qd8 26. Bb6 Qc8 27. Nf3 Nxb6 28. axb6 f6 29. Nh4 Bb5 30. Qxc8+ Rxc8 31. Nxb5 axb5 32. Ng6 Rg8 33. Nxe7 Kxe7 34. Rd7+ Ke8 35. Rxb7 g6 36. Rdd7 gxf5 37. Re7+ Kf8 38. Rbc7 Rb8 39. b7 fxe4 40. Rh7 1-0

[Event "Bratto op 26th"]
[Site "Bratto"]
[Date "2006.08.24"]
[Round "6"]
[White "Lucaroni, Massimiliano"]
[Black "Milazzo, Mario"]
[Result "1/2-1/2"]
[WhiteElo "2293"]
[BlackElo "2110"]
[PlyCount "46"]
[EventDate "2006.08.19"]
[EventType "swiss"]
[EventRounds "9"]
[EventCountry "ITA"]
[SourceTitle "CBM 113 Extra"]
[Source "ChessBase"]
[SourceDate "2006.09.14"]
[SourceVersion "1"]
[SourceVersionDate "2006.09.14"]
[SourceQuality "1"]

1. e4 e5 2. Bc4 Nf6 3. d3 c6 4. Nf3 d5 5. Bb3 Bd6 6. exd5 Nxd5 7. 0-0 0-0 8. Re1 Qc7 9. Nbd2 Bg4 10. h3 Bh5 11. Nc4 Nd7 12. d4 exd4 13. g4 Bg6 14. Nxd6 Qxd6 15. Qxd4 Qf6 16. Qxf6 N5xf6 17. Ne5 Nxe5 18. Rxe5 Rfe8 19. Rxe8+ Rxe8 20. Be3 a6 21. Re1 Nd5 22. Bd2 Rxe1+ 23. Bxe1 Nf4 1/2-1/2

[Event "Bratto op 26th"]
[Site "Bratto"]
[Date "2006.08.23"]
[Round "5"]
[White "Tramalloni, Luca"]
[Black "Lucaroni, Massimiliano"]
[Result "1-0"]
[WhiteElo "2114"]
[BlackElo "2293"]
[PlyCount "77"]
[EventDate "2006.08.19"]
[EventType "swiss"]
[EventRounds "9"]
[EventCountry "ITA"]
[SourceTitle "CBM 113 Extra"]
[Source "ChessBase"]
[SourceDate "2006.09.14"]
[SourceVersion "1"]
[SourceVersionDate "2006.09.14"]
[SourceQuality "1"]

1. d4 d5 2. c4 e6 3. Nc3 c5 4. e3 Nf6 5. Nf3 Nc6 6. a3 Bd6 7. dxc5 Bxc5 8. b4 Bd6 9. Bb2 0-0 10. cxd5 exd5 11. Rc1 a5 12. b5 Ne5 13. Nd4 Qe7 14. Qb3 Neg4 15. Be2 Be6 16. g3 a4 17. Nxa4 Ne4 18. Nxe6 Qxe6 19. Bxg4 Qxg4 20. Nb6 Rad8 21. Nxd5 Ng5 22. Rc4 Nf3+ 23. Ke2 Nd4+ 24. Kd3 Qf5+ 25. Kxd4 Be5+ 26. Kc5 Rxd5+ 27. Kb4 Rxb5+ 28. Kxb5 Bd4+ 29. Kb4 b6 30. Qc2 Qa5+ 31. Kb3 Qd5 32. Bxd4 b5 33. Rc1 Rc8 34. Kb2 bxc4 35. Bc3 Qb5+ 36. Ka2 Ra8 37. Rb1 Qd5 38. Qd2 Qe4 39. Qd4 1-0

[Event "Bratto op 25th"]
[Site "Bratto"]
[Date "2005.08.25"]
[Round "6"]
[White "Lucaroni, Massimiliano"]
[Black "Magrini, Fabrizio"]
[Result "1-0"]
[WhiteElo "2318"]
[BlackElo "1996"]
[PlyCount "72"]
[EventDate "2005.08.20"]
[EventType "swiss"]
[EventRounds "9"]
[EventCountry "ITA"]
[SourceTitle "CBM 108 Extra"]
[Source "ChessBase"]
[SourceDate "2005.11.04"]
[SourceVersion "1"]
[SourceVersionDate "2005.11.04"]
[SourceQuality "1"]

1. e4 c5 2. Nc3 Nc6 3. Nf3 Nf6 4. d4 cxd4 5. Nxd4 e5 6. Ndb5 d6 7. a4 a6 8. Na3 h6 9. Nc4 Be6 10. Ne3 Rc8 11. g3 Be7 12. Bg2 0-0 13. 0-0 Nd4 14. f4 Qd7 15. Ncd5 Bd8 16. Nxf6+ Bxf6 17. f5 Bc4 18. Nxc4 Rxc4 19. c3 Nc6 20. Qd3 b5 21. axb5 axb5 22. b3 Rc5 23. Be3 Qc7 24. Bxc5 dxc5 25. Qxb5 Rb8 26. Qxc5 Be7 27. Qc4 Qb6+ 28. Kh1 Na5 29. Qd5 Nc6 30. b4 Rd8 31. Qc4 Rc8 32. Rfd1 Rc7 33. Qa6 Qe3 34. b5 Nb8 35. Qa8 Qb6 36. c4 Bc5 1-0

[Event "Bratto op 24th"]
[Site "Bratto"]
[Date "2004.08.25"]
[Round "6"]
[White "Antognini, Francesco"]
[Black "Lucaroni, Massimiliano"]
[Result "0-1"]
[WhiteElo "2193"]
[BlackElo "2305"]
[PlyCount "68"]
[EventDate "2004.08.20"]
[EventType "swiss"]
[EventRounds "9"]
[EventCountry "ITA"]
[SourceTitle "CBM 101 Extra"]
[Source "ChessBase"]
[SourceDate "2004.09.01"]
[SourceVersion "2"]
[SourceVersionDate "2004.09.01"]
[SourceQuality "1"]

1. e4 e5 2. Nf3 Nc6 3. Bb5 a6 4. Bxc6 dxc6 5. 0-0 Bg4 6. h3 h5 7. d3 Qf6 8. Nbd2 Ne7 9. Re1 Ng6 10. d4 Nf4 11. dxe5 Qg6 12. Nh4 Bxd1 13. Nxg6 fxg6 14. Rxd1 0-0-0 15. Re1 Bb4 16. Nf3 Bxe1 17. Bxf4 Bb4 18. Nh4 Bd2 19. Nxg6 Bxf4 20. Nxf4 Rd4 21. Re1 c5 22. f3 Rd2 23. Re2 Rxe2 24. Nxe2 Rd8 25. Nf4 Rd2 26. Nxh5 Rxc2 27. Nxg7 Rxb2 28. e6 Kd8 29. f4 c4 30. f5 Re2 31. f6 Rxe4 32. e7+ Kd7 33. Nf5 Ke8 34. Kf2 Rf4+ 0-1

[Event "Bratto op 24th"]
[Site "Bratto"]
[Date "2004.08.20"]
[Round "1"]
[White "Lucaroni, Massimiliano"]
[Black "Gangemi, Salvatore"]
[Result "1-0"]
[WhiteElo "2305"]
[BlackElo "2085"]
[PlyCount "51"]
[EventDate "2004.08.20"]
[EventType "swiss"]
[EventRounds "9"]
[EventCountry "ITA"]
[SourceTitle "CBM 101 Extra"]
[Source "ChessBase"]
[SourceDate "2004.09.01"]
[SourceVersion "2"]
[SourceVersionDate "2004.09.01"]
[SourceQuality "1"]

1. e4 e6 2. Nf3 d5 3. e5 c5 4. b4 cxb4 5. a3 Nc6 6. axb4 Qc7 7. d4 Bxb4+ 8. c3 Ba5 9. Bd3 Nxd4 10. Nxd4 Bxc3+ 11. Nxc3 Qxc3+ 12. Qd2 Qxa1 13. 0-0 Bd7 14. Nb5 Qa4 15. Nc7+ Kd8 16. Nxa8 f5 17. Qc3 Bc6 18. Bg5+ Kc8 19. Ra1 Qg4 20. Ba6 Kd7 21. Bxb7 Bxb7 22. Qc7+ Ke8 23. h4 h6 24. Qb8+ Kf7 25. Qxb7+ Kg6 26. Rxa7 1-0

[Event "FRA-chT2O 0203"]
[Site "France"]
[Date "2002.12.08"]
[Round "4.4"]
[White "Kirszenberg, Marc"]
[Black "Lucaroni, Massimiliano"]
[Result "1/2-1/2"]
[WhiteElo "2232"]
[BlackElo "2288"]
[PlyCount "177"]
[EventDate "2002.10.??"]
[EventType "team"]
[EventRounds "11"]
[EventCountry "FRA"]
[SourceTitle "EXT 2004"]
[Source "ChessBase"]
[SourceDate "2003.11.25"]
[SourceVersion "1"]
[SourceVersionDate "2003.11.25"]
[SourceQuality "1"]
[WhiteTeam "Vincennes"]
[BlackTeam "Chalons en Champagne"]
[WhiteTeamCountry "FRA"]
[BlackTeamCountry "FRA"]

1. d4 d5 2. Nf3 c5 3. c3 Qc7 4. dxc5 Qxc5 5. Bf4 f6 6. b4 Qc6 7. a4 e5 8. e4 Qc7 9. Nxe5 fxe5 10. Qh5+ Qf7 11. Qxe5+ Ne7 12. Bb5+ Nbc6 13. 0-0 Qe6 14. exd5 Nxd5 15. Nd2 Qxe5 16. Bxe5 Kf7 17. Bc4 Be6 18. Rfe1 Rd8 19. Nf3 h6 20. Rad1 Bd6 21. Bxd5 Nxe5 22. Nxe5+ Kf6 23. f4 Bxb4 24. cxb4 Bxd5 25. Ng4+ Kf7 26. Ne5+ Kf6 27. a5 g5 28. Ng4+ Kf7 29. fxg5 hxg5 30. Rf1+ Kg7 31. Rf5 Be6 32. Rxg5+ Kf7 33. Rf1+ Ke7 34. Rg7+ Kd6 35. Rd1+ Kc6 36. Rxd8 Rxd8 37. Rg6 Kd5 38. Ne3+ Ke5 39. Rg7 Rc8 40. Rxb7 Rc1+ 41. Kf2 Rb1 42. h4 Rb2+ 43. Kf3 Rb3 44. Rxa7 Rxb4 45. g4 Rb3 46. Re7 Kf6 47. Rc7 Ke5 48. Re7 Kf6 49. Re8 Ra3 50. h5 Bf7 51. Rb8 Rxa5 52. h6 Bg6 53. Rd8 Rb5 54. Kf4 Rb4+ 55. Kg3 Rb3 56. Kf2 Rb7 57. Nd5+ Kg5 58. Nf4 Kxg4 59. Nxg6 Kh5 60. h7 Rxh7 61. Kg3 Ra7 62. Nf4+ Kh6 63. Kf3 Ra5 64. Ke4 Kh7 65. Rd2 Kh6 66. Nd5 Ra4+ 67. Ke5 Ra5 68. Rg2 Kh5 69. Kd6 Ra6+ 70. Ke7 Ra7+ 71. Kf6 Ra6+ 72. Kf7 Ra7+ 73. Ne7 Kh6 74. Rg8 Kh5 75. Kf6 Ra6+ 76. Ke5 Ra5+ 77. Nd5 Kh4 78. Rg7 Kh3 79. Ke4 Ra4+ 80. Kf3 Ra3+ 81. Ne3 Kh4 82. Kf2 Ra2+ 83. Kf3 Ra3 84. Kf4 Ra4+ 85. Kf5 Ra5+ 86. Ke4 Ra4+ 87. Kd3 Ra3+ 88. Kd2 Ra2+ 89. Nc2 1/2-1/2

[Event "ITA-chT UISP 23rd"]
[Site "Rimini"]
[Date "2002.12.??"]
[Round "2"]
[White "Mazzilli, Piero"]
[Black "Lucaroni, Massimiliano"]
[Result "1-0"]
[WhiteElo "2215"]
[BlackElo "2288"]
[PlyCount "84"]
[EventDate "2002.12.??"]
[EventType "team"]
[EventRounds "6"]
[EventCountry "ITA"]
[SourceTitle "EXT 2024"]
[Source "ChessBase"]
[SourceDate "2023.10.10"]
[SourceVersion "1"]
[SourceVersionDate "2023.10.10"]
[SourceQuality "1"]

1. e4 e5 2. Nf3 Nc6 3. Bc4 Nf6 4. d4 exd4 5. Ng5 Ne5 6. Qxd4 Nxc4 7. Qxc4 d5 8. exd5 Nxd5 9. 0-0 Be7 10. Nc3 c6 11. Nxd5 cxd5 12. Qb5+ Qd7 13. Qxd7+ Bxd7 14. Re1 Rc8 15. c3 f6 16. Bf4 Rc6 17. Nf3 Kf7 18. Rad1 Rc5 19. Be3 Ra5 20. a3 Bg4 21. Rd3 Bxf3 22. gxf3 Rc8 23. Bd4 Bf8 24. f4 Ra6 25. f5 Rd6 26. Kg2 b6 27. Be3 g6 28. Red1 Rcd8 29. Bf4 R6d7 30. c4 d4 31. Be3 gxf5 32. Rxd4 Rxd4 33. Rxd4 Bd6 34. Kf3 Ke6 35. Bf4 Be7 36. Rxd8 Bxd8 37. b4 Be7 38. Bb8 a5 39. Bc7 axb4 40. axb4 Bxb4 41. Bxb6 Kd6 42. Ke3 Kc6 1-0